Почините телевизор сами

গ্রন্থ-পঞ্জীর বিবরন
প্রধান লেখক: Нестеров Р. В. Роланд Владимирович
ভাষা:রুশ
প্রকাশিত: Москва, Энергия, 1972
মালা:Массовая радиобиблиотека Вып. 812
বিষয়গুলি:
বিন্যাস: গ্রন্থ
KOHA link:https://koha.lib.tpu.ru/cgi-bin/koha/opac-detail.pl?biblionumber=57959

MARC

LEADER 00000nam0a2200000 4500
001 57959
005 20231031054622.0
035 |a (RuTPU)RU\TPU\book\61186 
090 |a 57959 
100 |a 20031119d1972 m y0rusy50 ca 
101 0 |a rus 
102 |a RU 
105 |a y z 000zy 
200 1 |a Почините телевизор сами  |f Р. В. Нестеров 
210 |a Москва  |c Энергия  |d 1972 
215 |a 64 с. 
225 1 |a Массовая радиобиблиотека  |v Вып. 812 
610 1 |a телевизоры 
610 1 |a классификация 
610 1 |a неисправности 
610 1 |a устранение 
675 |a 621.397.62  |v 3 
700 1 |a Нестеров  |b Р. В.  |g Роланд Владимирович 
801 1 |a RU  |b 63413507  |c 20031119  |g PSBO 
801 2 |a RU  |b 63413507  |c 20220825  |g PSBO 
942 |c BK